000 00720nam a22002057a 4500
999 _c17953
_d17953
003 AR-CdUCM
008 190510b ||||| |||| 00| 0 spa d
040 _aMUNICIPALIDAD PROVINCIAL DEL CUSCO
_cBIBLIOTECA MUNICIPAL DEL CUSCO
082 _22ed.
_a530 /
_bJ73
100 _aJordan, Pascual
_938235
245 _aLa física del siglo XX /
260 _aMéxico :
_bFondo de cultura económica,
_c1953.
300 _a166 páginas ;
_c18 cm.
505 _aContenido : Nota sobre el libro y la versión española -- La mecánica clásica -- La electrodinámica moderna ...
650 _aLa dinámica
_938236
650 _aFísica
_92382
650 _aModerna
_919323
942 _2ddc
_cLIBROS
945 _arah
_d10/05/2019